| 000 | 00360nam a22001577a 4500 | ||
|---|---|---|---|
| 999 |
_c8886 _d8886 |
||
| 003 | OSt | ||
| 008 | 200713b ||||| |||| 00| 0 eng d | ||
| 082 | _a615.321JAT | ||
| 100 | _aJangme , C.M | ||
| 245 | _aText Book of Pharmacology-1 | ||
| 250 | _a1st,2019 | ||
| 260 |
_aNew Delhi _bNirali |
||
| 300 | _aMisc | ||
| 650 | _aPharmacognosy | ||
| 942 |
_2ddc _cBK _010 |
||